000 01116nam a22002537a 4500
005 20170124102937.0
010 _aB-004038
020 _c150.00
_a8186265384
035 _aB-004038
037 _bCen Lib/Ret
040 _aDPL
_bHN
082 _a823.08
_bशर्माब्रा
100 _aशर्मा, ब्रह्मस्वरूप
_942758
245 _aहिंदी उपन्यास की विकास यात्रा /
_cब्रह्मस्वरूप शर्मा
246 _aHindi upanyas ki vikas yatra /
_bbyBrahmswrup Sharma
260 _aदिल्ली
_bमनु प्रकाशन
_c2000
270 _bदिल्ली
_a1/6678, गली न. 3, पूर्वी रोहतास नगर
_e110032
300 _a151पृ.
_c19सेमी(सजिल्द )
650 _aहिंदी साहित्य
_x
_9105762
650 _aहिंदी उपन्यास
_9105763
650 _aHindi novel
_9105764
650 _aFiction
_98901
942 _2ddc
_cHN
_h823.08
_mशर्माब्रा
999 _c112358
_d112358